000 00615cam a22002172 4500
001 0000009285
005 20151217145849.0
008 080921s xx 000 0 eng d
020 _a020545531x :
_cBSP 55
040 _aKABU
_cKABU
050 0 _aLB1051
_b.S53 2006
100 1 _aSlavin, Robert E.
_@0000080722
245 1 0 _aEducational psychology :
_btheory and practice.
250 _a8th ed.
260 _aBoston :
_bPearson,
_c2006.
300 _axxvii, 609 p.
650 0 _aEducational psychology.
_@0000153557
908 _a080921
950 _@1
999 _c3426
_d3426